000 00939nas a2200289 4500
001 BR8001036
003 BR-BrBNA
005 20231205084154.0
007 ta
008 230509b bl.|||p| |||| 00| 00por d
040 _aBR-BrBNA
_bpor
_cBiblioteca Nacional de Agricultura
041 _a(Pt)
072 _aE15; E70
100 1 _aMatoso, M.J.
100 1 _aMoura, P.A.M. de
100 1 _aCardoso, D.A.M.
245 1 _aAlguns aspectos economicos da cultura da mandioca [Manihot esculenta]
246 1 _a[Some economical aspects of cassava crop [Manihot esculenta]]
650 _aMicroeconomia
650 _aComercializacao
650 _aMandioca
650 _aProdutividade
650 _aPreco
773 0 _tInforme Agropecuario - Empresa de Pesquisa Agropecuaria de Minas Gerais (Brazil)
_xISSN 0100-3364
_g(Nov 1979), v. 5(59-60) p. 100-105
_wBR8001036
909 _a202311
_bLúcia
_c55
_dLúcia Elande
942 _2AGRIS
_n0
_cANA
999 _c103567
_d103567